00746nam a2200241 a 4500001001300000003000900013005001700022008004100039020002600080082001600106100001900122245006500141260005000206300000900256500003500265505001000300650002600310700001900336902000800355942000700363952011900370999001500489nice12345678IN_TiNIC20260116013102.0050524s1992 cama grp 000 0 eng  a0521614 c1550.300a956.94bLUK aLukacs, Yehuda aIsraeli-Palesstinian Conflictb Documentary Record 1967-1990 aCambridge bCambridge University Press c1992 a549p aincludes index and biblioraphy2 aNotes aIsrael-Arab Conflicts1 aLukacs, Yehuda bSRS cBK 001040708StackRoom-aHMIbHMId2007-05-30g1550.30l0o956.94 LUKp017755r2007-05-30v1550.30w2005-05-24yBK c9592d9592